[Event "Economic Faculty"]
[Site "Subotica YUG"]
[Date "2002.03.30"]
[Round "5"]
[White "Genov,Peta"]
[Black "Cosma,I"]
[Result "1-0"]
[WhiteElo "2510"]
[BlackElo "2461"]

1.d4 d5 2.c4 e6 3.Nc3 c6 4.e3 Nf6 5.Nf3 Nbd7 6.Qc2 Bd6 7.Bd2 O-O 8.Bd3 dxc4
9.Bxc4 a6 10.e4 e5 11.dxe5 Nxe5 12.Nxe5 Bxe5 13.Bd3 Re8 14.O-O-O Ng4 15.Be1 Qf6
16.h3 Bf4+ 17.Kb1 Ne5 18.Be2 Bh6 19.Rf1 g5 20.Na4 Bg7 21.Nb6 Rb8 22.Bc3 Qe7
23.h4 h6 24.hxg5 hxg5 25.g3 Ng6 26.Bxg7 Kxg7 27.Nxc8 Rbxc8 28.f4 Qxe4 29.Bd3 Qe3
30.f5 Ne5 31.f6+ Kg8 32.Qh2  1-0

[Event "6th Neckar Open"]
[Site "Deizisau GER"]
[Date "2002.03.31"]
[Round "6"]
[White "Epishin,V"]
[Black "Haba,P"]
[Result "1-0"]
[WhiteElo "2599"]
[BlackElo "2496"]

1.d4 d5 2.c4 c6 3.e3 Nf6 4.Nc3 e6 5.Nf3 Nbd7 6.Be2 dxc4 7.a4 Bd6 8.Nd2 Bb4
9.O-O O-O 10.Nxc4 a5 11.e4 b5 12.axb5 cxb5 13.Nd2 Ba6 14.e5 Bxc3 15.bxc3 Nd5
16.Ne4 Qc7 17.Qd3 Rfc8 18.Nd6 Nxc3 19.Bh5 g6 20.Bh6 f5 21.Rfc1 b4 22.Qd2 Nf6
23.exf6 Qxd6 24.Bf3 a4 25.h4 Bb5 26.Bf4 Qd7 27.Bxa8 Rxa8 28.Rxc3 bxc3 29.Qxc3 Bc6
30.Be5 Qb7 31.h5 g5 32.Rc1 Rc8 33.Qa3 Kf7 34.f3 Qd7 35.Rc5 h6 36.Qb4  1-0

[Event "ch-MGL"]
[Site "Ulaanbaatar MGL"]
[Date "2002.04.01"]
[Round "1"]
[White "Tovsanaa,N"]
[Black "Bayarmandah,B"]
[Result "1-0"]
[WhiteElo "2310"]
[BlackElo "2032"]

1.d4 d5 2.c4 e6 3.Nc3 Nf6 4.Nf3 c6 5.e3 Be7 6.Bd3 dxc4 7.Bxc4 O-O 8.O-O b5
9.Bd3 a6 10.Qe2 c5 11.Rd1 Qc7 12.dxc5 Bxc5 13.b3 Bb7 14.Bb2 Qe7 15.a3 Nbd7
16.b4 Ba7 17.a4 Bxf3 18.gxf3 Qxb4 19.Ne4 bxa4 20.Ba3 Qa5 21.Bxf8 Nxf8 22.Nxf6+ gxf6
23.Qa2 Qh5 24.Qxa4 f5 25.Qc6 Rd8 26.Qc7 Rd7 27.Qg3+ Ng6 28.Bxa6 f4 29.exf4 Bd4
30.Be2 Qf5 31.Ra4 Qxf4 32.Kf1 e5 33.Bd3 Qf6 34.Ra6 Bb6 35.h4 Qd8 36.Rxb6 Rxd3
37.Rxd3 Qxd3+ 38.Kg1 h5 39.Rf6 Kg7 40.Qg5 Qd4 41.Rf5 Qxh4 42.Rxe5 Qxg5+ 43.Rxg5 h4
44.Kh2 Kf6 45.Rh5 Ke6 46.Rh7 f5 47.Kh3 Ke5 48.Rh6 Kf6 49.Rh5 Ne5 50.Kg2 Ng6
51.Rh7 Kg5 52.Rg7 Kf6 53.Ra7 Kg5 54.Ra4 Nf4+ 55.Kh2 Ng6 56.Kg2 Nf4+ 57.Kf1 Ng6
58.Ke1 Nf4 59.Kd2  1-0

[Event "FIDE GP"]
[Site "Dubai UAE"]
[Date "2002.04.03"]
[Round "1.1"]
[White "Bareev,E"]
[Black "Ivanchuk,V"]
[Result "1-0"]
[WhiteElo "2707"]
[BlackElo "2717"]

1.c4 c6 2.d4 d5 3.Nf3 Nf6 4.e3 e6 5.Nc3 Nbd7 6.Qc2 Bd6 7.g4 h6 8.Bd2 b6 9.cxd5 exd5
10.Rg1 Qe7 11.O-O-O Bb7 12.Bd3 c5 13.Nh4 g6 14.Bxg6 fxg6 15.Nxg6 Qh7 16.Nxh8 Qxh8
17.h4 O-O-O 18.g5 hxg5 19.hxg5 Ne4 20.Nxe4 dxe4 21.Bc3 Qg8 22.dxc5 Nxc5 23.Bf6 Rd7
24.Kb1 Ba6 25.b4 Bd3 26.Rxd3 exd3 27.Qc3 Kb7 28.bxc5 Bxc5 29.Rd1 Qd5 30.g6 Qf3
31.Rd2 Rc7 32.a4 Be7 33.Qxc7+ Kxc7 34.Bxe7 Qg4 35.Rxd3 Qxg6 36.Kc2 Qf7 37.Bd6+ Kc6
38.f4 Qa2+ 39.Kc3 Qxa4 40.Be5 Qe4 41.Kd2 Qg2+ 42.Kc3 a5 43.Rd6+ Kc5 44.Rf6 a4
45.Bd4+ Kd5 46.Rxb6 Qa2 47.Rb5+ Ke4 48.f5 Qa3+ 49.Kc4 Qd3+ 50.Kb4 a3 51.Re5+ Kf3
52.Ra5 Qd2+ 53.Kb5 Qd3+ 54.Kb6 Qb3+ 55.Kc5 Qc2+ 56.Kd6 Qc8 57.Rxa3 Qf8+ 58.Ke6 Qxa3
59.f6 Kg4 60.f7 Kg5 61.Bg7 Qxe3+ 62.Kd7 Qa7+ 63.Ke8 Qb8+ 64.Ke7 Qc7+ 65.Ke6 Qc6+
66.Ke7 Qe4+ 67.Kd7  1-0

[Event "FSGMA April"]
[Site "Budapest HUN"]
[Date "2002.04.04"]
[Round "3"]
[White "Hoang Thanh Trang"]
[Black "Gonda,L"]
[Result "1-0"]
[WhiteElo "2426"]
[BlackElo "2359"]

1.d4 d5 2.c4 c6 3.Nf3 Nf6 4.Nc3 e6 5.e3 Nbd7 6.Bd3 dxc4 7.Bxc4 b5 8.Be2 Bb7
9.O-O a6 10.e4 c5 11.e5 Nd5 12.a4 b4 13.Ne4 h6 14.Nfd2 Nf4 15.Bf3 Bd5 16.Nb3 Ng6
17.Nexc5 Nxc5 18.dxc5 Bxf3 19.Qxf3 Rc8 20.Qb7 Bxc5 21.Nxc5 Rxc5 22.Be3 Qc7
23.Qxa6 Rc6 24.Rfc1 Rxa6 25.Rxc7 O-O 26.Rb7 Nxe5 27.Rxb4 Rd8 28.h3 Nc6 29.Rb7 Rda8
30.b3 Na5 31.Rb5 Rc8 32.b4 Nc4 33.Rc5 Rxc5 34.Bxc5 Nb2 35.a5 Nd3 36.b5  1-0

[Event "New White Plus GM open"]
[Site "Dhaka BAN"]
[Date "2002.04.04"]
[Round "6"]
[White "Islam,Kh"]
[Black "Kabir,S"]
[Result "1-0"]
[WhiteElo "2276"]
[BlackElo "2189"]

1.Nf3 Nf6 2.e3 d5 3.c4 e6 4.Nc3 c6 5.d4 Nbd7 6.Qc2 Bd6 7.b3 O-O 8.Bb2 Re8
9.Rd1 Qe7 10.Be2 b6 11.O-O Bb7 12.e4 Nxe4 13.Nxe4 dxe4 14.Qxe4 Nf6 15.Qb1 c5
16.dxc5 Bxc5 17.Ng5 e5 18.Bh5 g6 19.Bf3 Bxf3 20.Nxf3 e4 21.Rde1 Ng4 22.h3 Nh6
23.Re2 Nf5 24.Kh1 e3 25.Qc1 Qc7 26.Qc3 Kf8 27.Qh8+ Ke7 28.Qf6+ Kd7 29.Qxf7+ Kd8
30.Rd1+ Nd6 31.Rxd6+ Qxd6 32.Bf6+ Kc8 33.Qxe8+ Kb7 34.Qe4+ Ka6 35.Qxa8 exf2
36.Qc8+ Ka5 37.Bc3+  1-0

[Event "New White Plus GM open"]
[Site "Dhaka BAN"]
[Date "2002.04.04"]
[Round "6"]
[White "Johannessen,LE"]
[Black "Goloshchapov,A"]
[Result "1-0"]
[WhiteElo "2427"]
[BlackElo "2545"]

1.Nf3 d5 2.d4 c6 3.c4 e6 4.e3 Nf6 5.Nc3 Nbd7 6.Bd3 dxc4 7.Bxc4 b5 8.Bd3 Bb7
9.O-O a6 10.e4 c5 11.d5 Qc7 12.dxe6 fxe6 13.Bc2 Bd6 14.Ng5 Nf8 15.f4 O-O-O
16.Qe1 e5 17.Nd5 Nxd5 18.exd5 Bxd5 19.Bd2 Re8 20.Rd1 Nd7 21.Ba5 Qc6 22.Qd2 Nf6
23.Nxh7 Rxh7 24.Bxh7 b4 25.Bg6 Re7 26.Bf5+ Kb7 27.Bd8 e4 28.Bxe7 Bxe7 29.b3 c4
30.bxc4 Bc5+ 31.Kh1 Bxc4 32.Rfe1 Bd3 33.Qb2 g6 34.Rxd3 gxf5 35.Rd2 Ng4 36.Rc1 Qh6
37.h3 Qxf4 38.Qg7+ Kb6 39.Qg6+ Kb5 40.Qe8+ Kb6 41.Qd8+ Kb5 42.Qd7+ Kb6 43.Qe6+  1-0

[Event "FSIMB April"]
[Site "Budapest HUN"]
[Date "2002.04.06"]
[Round "5"]
[White "Nemeth,Z"]
[Black "Farago,S"]
[Result "1/2-1/2"]
[WhiteElo "2364"]
[BlackElo "2286"]

1.d4 Nf6 2.c4 c6 3.Nf3 d5 4.Nc3 e6 5.e3 Be7 6.Be2 O-O 7.O-O Nbd7 8.cxd5 exd5
9.Qc2 Re8 10.a3 Nf8 11.b4 a6 12.Bb2 Ne6  1/2-1/2

[Event "ch-VIE Playoff"]
[Site "Vung Tau VIE"]
[Date "2002.04.06"]
[Round "2"]
[White "Nguyen Anh Dung"]
[Black "Bui Vinh"]
[Result "1/2-1/2"]
[WhiteElo "2524"]
[BlackElo "2420"]

1.d4 d5 2.c4 e6 3.Nc3 c6 4.e3 Nf6 5.Nf3 Nbd7 6.Bd3 dxc4 7.Bxc4 b5 8.Bd3 Bb7
9.O-O a6 10.b3 c5 11.Bb2 Be7 12.Qe2 O-O 13.Rfd1 Rc8 14.dxc5 Bxc5 15.Ng5 h6
16.Nge4 Qb6 17.Rac1 Be7 18.h3 Rfd8 19.Bb1 Bc6 20.Nd6 Bxd6 21.Rxd6 Qb7 22.f3 b4
23.Nd1 Bb5 24.Rxc8 Bxe2 25.Rxd8+ Nf8 26.Nf2 Bb5 27.Ng4 Nd7 28.Ne5 Nxe5 29.Bxe5 Qc7
30.Kh2 f6  1/2-1/2

[Event "FSGMB April"]
[Site "Budapest HUN"]
[Date "2002.04.07"]
[Round "6"]
[White "Farago,I"]
[Black "Jakab,A"]
[Result "1/2-1/2"]
[WhiteElo "2506"]
[BlackElo "2396"]

1.d4 d5 2.c4 e6 3.Nf3 c6 4.e3 Nf6 5.Nc3 Nbd7 6.Qc2 Bd6 7.Bd3 O-O 8.O-O dxc4
9.Bxc4 b5 10.Be2 Qc7 11.Bd2 a6 12.b4 e5 13.Bd3 exd4 14.exd4 Bb7 15.a3 h6
16.Rac1 Nb6 17.Ne2 Nbd5 18.Qb3 Bc8 19.Bb1 Be6 20.Qc2 Ne7 21.Ng3 Bd5 22.Ne5 Rfe8
23.Rfe1 Kf8 24.Bf4 a5 25.Qd2 Nfg8 26.Ne4 Bxe4 27.Bxe4 Nf6 28.Bf3 Ned5 29.Bxh6 Bxe5
30.dxe5 Rxe5 31.Be3 axb4 32.axb4 Rae8 33.Bc5+ Kg8 34.Rxe5 Qxe5 35.Bd4  1/2-1/2

[Event "FSGMA April"]
[Site "Budapest HUN"]
[Date "2002.04.07"]
[Round "6"]
[White "Kallio,H"]
[Black "Gonda,L"]
[Result "1-0"]
[WhiteElo "2502"]
[BlackElo "2359"]

1.d4 d5 2.c4 c6 3.Nc3 Nf6 4.e3 e6 5.Nf3 Nbd7 6.Bd3 dxc4 7.Bxc4 b5 8.Bd3 Bb7
9.a3 a6 10.b4 a5 11.Rb1 axb4 12.axb4 Bd6 13.O-O O-O 14.e4 e5 15.g3 Re8 16.Bc2 Qe7
17.Ne2 Rad8 18.Qe1 exd4 19.Nexd4 Ne5 20.Qe2 Nxf3+ 21.Qxf3 g6 22.Bg5 Be5 23.Nb3 Bc8
24.Nc5 h6 25.Bxh6 Ng4 26.Be3 Kg7 27.h4 Nxe3 28.fxe3 Rd2 29.Bb3 f6 30.Rf2 Red8
31.Rc1 R8d6 32.Kg2 Qd8 33.Rf1 Rxf2+ 34.Rxf2 Rd2 35.Be6 Rxf2+ 36.Qxf2 Kh6
37.Bxc8 Qxc8 38.Nd3 Qd7 39.Qe2 Qd6 40.g4 Kg7 41.g5 fxg5 42.hxg5 Qe6 43.Qf3 Qa2+
44.Qf2 Qe6 45.Qh4 Kg8 46.Qh3 Qe7 47.Qh6 Kf7 48.Nxe5+ Qxe5 49.Qh7+ Qg7 50.Qxg7+ Kxg7
51.Kf3 Kf7 52.e5 Ke7 53.Ke4 Ke6 54.Kd4 Kf5 55.Kc5 Kxe5 56.Kxc6 Kf5 57.Kxb5  1-0

[Event "Golden Cleopatra"]
[Site "Cairo EGY"]
[Date "2002.04.07"]
[Round "1"]
[White "Sriram,J"]
[Black "Phiri,J"]
[Result "1-0"]
[WhiteElo "2408"]
[BlackElo "2090"]

1.d4 Nf6 2.c4 e6 3.Nf3 d5 4.Nc3 c6 5.e3 Nbd7 6.Bd3 Bd6 7.e4 dxe4 8.Nxe4 Nxe4
9.Bxe4 Nf6 10.Bc2 Bb4+ 11.Bd2 Qa5 12.O-O Bxd2 13.Nxd2 O-O 14.c5 b6 15.Nb3 Qa6
16.Re1 Qb7 17.Qf3 Rd8 18.Rac1 Qc7 19.Bd3 Bb7 20.Qe3 Qd7 21.Qh3 Qe7 22.Qh4 g6
23.Be4 Rac8 24.Bf3 Nd5 25.Qe4 Qf6 26.Red1 Kg7 27.Nd2 Ba6 28.Nb1 Bb7 29.Qe2 Nf4
30.Qe3 Nd5 31.Qa3 Ra8 32.Qb3 Rab8 33.Qc4 Ba8 34.b3 Rd7 35.Bxd5 exd5 36.Qd3 Re7
37.Nd2 Rbe8 38.Nf3 Qf4 39.Ne5 bxc5 40.Rxc5 f6 41.g3 Qe4 42.Nxc6 Bxc6 43.Rxc6 Qg4
44.Kg2 Re2 45.Rc7+ R8e7 46.Rxe7+ Rxe7 47.Qf3 Qe6 48.Rc1 Qd6 49.Rc5 Re4 50.Qc3 Re7
51.b4 Qe6 52.Qf3 Rd7 53.b5 Kf7 54.a4 Ke7 55.a5 Qe4 56.Rc8 Qxd4 57.Qa3+ Ke6
58.Re8+ Kf5 59.h4 g5 60.Qf3+ Kg6 61.hxg5 fxg5 62.g4 Rf7 63.Rg8+ Rg7 64.Qf5+ Kh6
65.Re8 Qc5 66.b6 axb6 67.axb6 Qb4 68.Re3 Rg6 69.b7 Qxb7 70.Qf8+  1-0

[Event "FSGMA April"]
[Site "Budapest HUN"]
[Date "2002.04.09"]
[Round "8"]
[White "Flumbort,A"]
[Black "Gonda,L"]
[Result "1-0"]
[WhiteElo "2414"]
[BlackElo "2359"]

1.d4 d5 2.c4 c6 3.Nf3 Nf6 4.Nc3 e6 5.e3 Nbd7 6.Bd3 dxc4 7.Bxc4 b5 8.Bd3 Bb7
9.e4 b4 10.Na4 c5 11.e5 Nd5 12.O-O cxd4 13.Re1 a6 14.Nxd4 g6 15.Qg4 N7b6
16.Bg5 Qd7 17.Nxb6 Nxb6 18.Bf6 h5 19.Qxe6+ fxe6 20.Bxg6+ Qf7 21.Bxf7+ Kxf7
22.Bxh8 Bc5 23.Nb3 Be7 24.Bf6 Bxf6 25.exf6 Kxf6 26.Nc5 Bd5 27.Nd3 Rg8 28.Nf4 Kf5
29.Nxd5 Nxd5 30.g3 Nf4 31.Kf1 Nd3 32.Re3 Nc5 33.Rc1  1-0

[Event "III Open"]
[Site "Dos Hermanas ESP"]
[Date "2002.04.11"]
[Round "7"]
[White "Pogorelov,R"]
[Black "Rodriguez Guerrero,E"]
[Result "1-0"]
[WhiteElo "2460"]
[BlackElo "2309"]

1.Nf3 d5 2.d4 Nf6 3.c4 c6 4.Nc3 e6 5.e3 Nbd7 6.Qc2 Bd6 7.Bd3 O-O 8.O-O dxc4
9.Bxc4 a6 10.a3 c5 11.dxc5 Bxc5 12.Bd3 Bd6 13.b4 h6 14.Bb2 b5 15.Ne4 Be7
16.Nd4 Bb7 17.Nc6 Bxc6 18.Qxc6 Ne5 19.Bxe5 Qxd3 20.Nxf6+ gxf6 21.Bd4 a5 22.Qc7 Rfe8
23.bxa5 e5 24.Bb6 Rac8 25.Qb7 Bxa3 26.Qf3 b4 27.Qxf6 Re6 28.Qf3 Qc3 29.g3 Bb2
30.Rab1 b3 31.Qd5 e4 32.Bd4  1-0

[Event "FSGMA April"]
[Site "Budapest HUN"]
[Date "2002.04.14"]
[Round "13"]
[White "Flumbort,A"]
[Black "Horvath,Cs"]
[Result "1/2-1/2"]
[WhiteElo "2436"]
[BlackElo "2542"]

1.Nf3 d5 2.d4 Nf6 3.c4 c6 4.Nc3 e6 5.e3 Nbd7 6.Bd3 Bd6 7.e4 dxe4 8.Nxe4 Nxe4
9.Bxe4 O-O 10.O-O h6 11.Bc2 e5  1/2-1/2

[Event "Bundesliga 2001-2"]
[Site "Porz GER"]
[Date "2002.04.14"]
[Round "13"]
[White "Piket,Je"]
[Black "Haba,P"]
[Result "1/2-1/2"]
[WhiteElo "2659"]
[BlackElo "2496"]

1.d4 d5 2.c4 c6 3.Nc3 e6 4.e3 Nf6 5.Nf3 Nbd7 6.Bd3 dxc4 7.Bxc4 b5 8.Be2 Bb7
9.O-O a6 10.e4 c5 11.e5 Nd5 12.a4 b4 13.Ne4 cxd4 14.Bg5 Qa5 15.Qxd4 h6 16.Bd2 Qb6
17.Nd6+ Bxd6 18.exd6 Qxd4 19.Nxd4 Nc5 20.Bf3 Kd7 21.Bxd5  1/2-1/2

[Event "Classics IMB"]
[Site "Gausdal NOR"]
[Date "2002.04.15"]
[Round "5"]
[White "Unander,M"]
[Black "Leer Salvesen,B"]
[Result "1/2-1/2"]
[WhiteElo "2210"]
[BlackElo "2293"]

1.d4 e6 2.c4 d5 3.Nf3 c6 4.e3 Nf6 5.Nc3 Nbd7 6.Qc2 Bd6 7.Bd3 O-O 8.O-O Re8
9.e4 dxe4 10.Nxe4 Nxe4 11.Bxe4 h6 12.Bd2 e5 13.dxe5 Nxe5 14.Nxe5 Bxe5 15.Rfe1 Qf6
16.Rab1 Be6 17.Be3 Rad8 18.b3 Bd4 19.Rbd1 Bxe3 20.Rxe3 Rxd1+ 21.Qxd1 Bf5
22.Bxf5 Rxe3 23.fxe3 Qxf5 24.h3 Qa5 25.Qd7 Qe1+ 26.Kh2 Qxe3 27.Qc8+ Kh7 28.Qf5+ Kg8
29.Qc8+  1/2-1/2

[Event "Classics IMA"]
[Site "Gausdal NOR"]
[Date "2002.04.15"]
[Round "5"]
[White "Tallaksen,G"]
[Black "Wikstrom,P"]
[Result "0-1"]
[WhiteElo "2235"]
[BlackElo "2255"]

1.d4 d5 2.c4 c6 3.Nc3 e6 4.e3 Nf6 5.Nf3 Nbd7 6.Bd3 dxc4 7.Bxc4 b5 8.Bd3 Bd6
9.O-O O-O 10.b3 a6 11.Bb2 Bb7 12.e4 e5 13.Ne2 exd4 14.Nexd4 Re8 15.Nf5 Bc7
16.Rc1 c5 17.Re1 Bf4 18.Nd2 Ne5 19.Bxe5 Rxe5 20.Nf3 Rxf5 21.e5 Bxf3  0-1

[Event "XX Open"]
[Site "Metz FRA"]
[Date "2002.04.15"]
[Round "3"]
[White "Frauensohn,H"]
[Black "Cosma,I"]
[Result "0-1"]
[WhiteElo "2213"]
[BlackElo "2461"]

1.d4 d5 2.c4 e6 3.Nc3 c6 4.e3 Nf6 5.Nf3 Nbd7 6.Bd3 dxc4 7.Bxc4 b5 8.Bd3 a6
9.e4 c5 10.e5 cxd4 11.Nxb5 axb5 12.exf6 gxf6 13.O-O Qb6 14.Be4 Bb7 15.Bxb7 Qxb7
16.Nxd4 Bc5 17.Be3 Rg8 18.f3 Qd5 19.Nc2 Rg5 20.Kh1 Qxd1 21.Rfxd1 Bxe3 22.Nxe3 Re5
23.Nf1 Re2 24.Rd2 Rxd2 25.Nxd2 f5 26.Nb3 Nb6 27.Nd4 b4 28.Nc2 Nd5 29.a3 Ke7
30.Kg1 e5 31.Rd1 Ke6 32.Nxb4 Nxb4 33.axb4 Rb8 34.Ra1 Rxb4 35.Ra6+ Ke7 36.Ra7+ Kf6
37.Ra2 h5 38.g3 Kg6 39.Kf2 f6 40.Kg2 Rb3 41.h4 Rb4 42.Kh3 f4 43.gxf4 Rxf4
44.Ra3 Rb4 45.b3 Rb5 46.Kg2 Rb6 47.Kh3 Kf5 48.Kg2 Rb7 49.Kf2 Rb5 50.Kg2 Rb4
51.Kg3 Ke6 52.Ra6+ Kf7 53.Ra7+ Kg6 54.Ra3 Kf5 55.Kg2 Rxh4 56.Ra4 Rd4  0-1

[Event "Alushta-100"]
[Site "Alushta UKR"]
[Date "2002.04.19"]
[Round "?"]
[White "Zubov,A UKR"]
[Black "Yagupov,I"]
[Result "1/2-1/2"]
[WhiteElo "2478"]
[BlackElo "2474"]

1.d4 d5 2.c4 c6 3.Nc3 e6 4.e3 Nf6 5.Nf3 Nbd7 6.Bd3 dxc4 7.Bxc4 b5 8.Bd3 a6
9.e4 c5 10.e5 cxd4 11.Nxb5 axb5 12.exf6 gxf6 13.Be4 Ra6 14.Qxd4 Rd6 15.Qe3 Nc5
16.O-O Nxe4 17.Qxe4 Qd7 18.Bf4 Bb7 19.Qe2 Rd5 20.Rac1 Bc5 21.Rc2 Rg8 22.Rfc1 Bb6
23.Bc7 Ba7 24.Bg3 Bb6 25.Bc7  1/2-1/2

[Event "Open"]
[Site "Dubai UAE"]
[Date "2002.04.19"]
[Round "5"]
[White "Ghaem Maghami,E"]
[Black "Filippov,V"]
[Result "1/2-1/2"]
[WhiteElo "2513"]
[BlackElo "2625"]

1.c4 e6 2.Nc3 d5 3.d4 c6 4.e3 Nf6 5.Nf3 Nbd7 6.Bd3 dxc4 7.Bxc4 b5 8.Bd3 a6
9.O-O c5 10.a4 b4 11.Ne4 Bb7 12.Nxf6+ Nxf6 13.a5 cxd4 14.Nxd4 Bc5 15.Qa4+ Qd7
16.Qxd7+ Kxd7 17.Bd2 Be4 18.Nb3 Bd6 19.Bxe4 Nxe4 20.Rfd1 Nxd2 21.Rxd2 Ke7
22.Rad1 Rhd8 23.Kf1 Be5 24.Ke2 Rxd2+ 25.Rxd2 g5 26.Rc2 g4 27.Rc4 f5 28.Rxb4 Rc8
29.Nd4 Bxd4 30.exd4 Kd6 31.Ke3 Rc2 32.g3 h6 33.Rb8 h5 34.Rb4 e5 35.dxe5+ Kxe5
36.Rb8 Rc5 37.Re8+ Kf6 38.b4 Rb5 39.Ra8 Rxb4 40.Rxa6+ Kg5 41.f4+ gxf3 42.h4+ Kg4
43.Rg6+ Kh3 44.Kxf3 Rb1 45.a6 Rf1+ 46.Ke3 Ra1 47.Kd4 Ra5 48.Kc4 f4 49.Kb4  1/2-1/2

[Event "XX Open"]
[Site "Metz FRA"]
[Date "2002.04.19"]
[Round "7"]
[White "Legky,N"]
[Black "Cosma,I"]
[Result "1-0"]
[WhiteElo "2485"]
[BlackElo "2461"]

1.d4 d5 2.c4 e6 3.Nc3 c6 4.e3 Nf6 5.Nf3 Nbd7 6.Bd3 dxc4 7.Bxc4 b5 8.Bd3 a6
9.e4 c5 10.d5 Qc7 11.O-O Bb7 12.dxe6 fxe6 13.Qe2 c4 14.Bc2 Bd6 15.Nd4 Nc5
16.f4 e5 17.Ndxb5 axb5 18.Nxb5 Qb6 19.Nxd6+ Qxd6 20.fxe5 Qxe5 21.Rf5 Qe7
22.Qxc4 Ncd7 23.Bd2 Rc8 24.Qb3 Rxc2 25.Qxc2 Bxe4 26.Qc8+ Kf7 27.Qc4+ Qe6
28.Qxe6+ Kxe6 29.Rg5 g6 30.Bc3 Rc8 31.Re1 Kf7 32.a4 Bf5 33.Rg3 Nd5 34.a5 Nc5
35.Rf3 h5 36.h3 h4 37.Re5 Nf6 38.Be1 Ncd7 39.Re2 Rc1 40.Kh2 Rc4 41.a6 Be4
42.Rf4 g5 43.Rexe4 Rxe4 44.Rxe4 Nxe4 45.Ba5  1-0

[Event "Open"]
[Site "Dubai UAE"]
[Date "2002.04.22"]
[Round "6"]
[White "Sherbakov,R"]
[Black "Galkin,A"]
[Result "0-1"]
[WhiteElo "2539"]
[BlackElo "2570"]

1.d4 d5 2.c4 e6 3.Nc3 c6 4.e3 Nf6 5.Nf3 Nbd7 6.Bd3 dxc4 7.Bxc4 b5 8.Bd3 Bb7
9.e4 b4 10.Na4 c5 11.e5 Nd5 12.O-O cxd4 13.Re1 g6 14.Bg5 Qa5 15.Nd2 Ba6 16.Nc4 Bxc4
17.Bxc4 Bg7 18.Qxd4 Qxa4 19.Bxd5 exd5 20.Qxd5 Nb6 21.Qd6 Qd7 22.Qxb4 Bf8
23.Qc3 Qc8 24.Qf3 Bg7 25.e6 O-O 26.Rac1 Qa6 27.e7 Rfe8 28.Rcd1 Qa5 29.h4 h6
30.Bd2 Qxa2 31.Bc3 Bxc3 32.bxc3 Qa5 33.Rd6 Rac8 34.Qg4 Qxc3 35.Ree6 fxe6
36.Rd4 Kh7 37.Rf4 Rxe7 38.Qd1  0-1

[Event "City-ch"]
[Site "St-Petersburg RUS"]
[Date "2002.04.23"]
[Round "7"]
[White "Lugovoi,A"]
[Black "Ivanov,Se"]
[Result "1/2-1/2"]
[WhiteElo "2510"]
[BlackElo "2546"]

1.d4 d5 2.c4 c6 3.Nc3 Nf6 4.Nf3 e6 5.e3 Nbd7 6.Bd3 dxc4 7.Bxc4 b5 8.Bd3 a6
9.e4 c5 10.e5 cxd4 11.Nxb5 Ng4 12.Qa4 Ngxe5 13.Nxe5 Nxe5 14.Nd6+ Ke7 15.Nxc8+ Rxc8
16.Bxa6 Ra8 17.Qb5 Qd5 18.Qxd5 exd5 19.Bb5 Kf6 20.O-O Bd6 21.a4 Rhc8 22.Rd1 d3
23.b3 Rc3 24.Rb1 Rac8 25.Be3 Bc5 26.Bxc5 R8xc5 27.f4 Nc6 28.Bxd3 Nb4 29.Be2 Kf5
30.Rd4 Nc6 31.g4+ Ke6 32.Rd2 Rc2 33.Rbd1 Rxd2 34.Rxd2 Rc1+ 35.Kf2 Rb1 36.Bd1 Kd6
37.Ke3 Kc5 38.Rc2+ Kd6 39.Rd2 Kc5 40.Bc2 d4+ 41.Kf2 Rb2 42.Ke1 Nb4 43.Kd1 Na2
44.h4 g6 45.g5 Nc3+ 46.Kc1 Ra2 47.b4+ Kc4 48.Bd3+ Kxb4 49.Rxa2 Nxa2+ 50.Kd2 Nc3
51.a5 Kxa5 52.Bc4 Ne4+ 53.Kd3 Nd6 54.Kxd4 Nf5+ 55.Ke5 Nxh4 56.Bxf7 Kb6 57.Bg8 Kc7
58.Bxh7 Kd8 59.Bg8 Ke7 60.Bd5 Nf5 61.Be4 Nh4 62.Kd5 Kd7 63.Bd3 Ng2 64.Ke5 Nh4
65.Bc2 Kd8 66.Bd3 Kd7 67.Bb1 Kd8 68.Kd6 Ng2 69.Bxg6 Nxf4 70.Bf7 Ng2 71.Ke6 Nh4
72.Kf6 Kd7 73.Bd5 Ke8 74.Be6 Kf8 75.Bf7 Nf5 76.g6 Ng7 77.Kg5 Ke7 78.Bb3  1/2-1/2

[Event "Open"]
[Site "Dubai UAE"]
[Date "2002.04.24"]
[Round "8"]
[White "Shariyazdanov,A"]
[Black "Hakki,I"]
[Result "1-0"]
[WhiteElo "2542"]
[BlackElo "2431"]

1.d4 d5 2.c4 c6 3.e3 Nf6 4.Nc3 e6 5.Nf3 Nbd7 6.Qc2 Bd6 7.Bd3 O-O 8.O-O dxc4
9.Bxc4 Qe7 10.Bd2 e5 11.Bb3 e4 12.Ng5 Bxh2+ 13.Kxh2 Ng4+ 14.Kg1 Qxg5 15.Qxe4 Ndf6
16.Qf4 Qh4 17.f3 g5 18.Qd6 Ne8 19.Qxf8+ Kxf8 20.fxg4 f6 21.Ne4 f5 22.Bd1 a5
23.Be2 f4 24.exf4 Bxg4 25.fxg5+ Ke7 26.Rf4  1-0

[Event "ch-YUG w"]
[Site "Kotor YUG"]
[Date "2002.04.24"]
[Round "11"]
[White "Prudnikova,S"]
[Black "Benderac,A"]
[Result "1/2-1/2"]
[WhiteElo "2422"]
[BlackElo "2313"]

1.Nf3 d5 2.d4 Nf6 3.c4 c6 4.e3 e6 5.Nc3 Nbd7 6.Bd3 dxc4 7.Bxc4 b5 8.Bd3 a6
9.e4 c5 10.e5 cxd4 11.Nxb5 axb5 12.exf6 Qb6 13.fxg7 Bxg7 14.O-O  1/2-1/2

[Event "TUR-BUL Chess Summit"]
[Site "Istanbul TUR"]
[Date "2002.04.28"]
[Round "8"]
[White "Olcayoz,A"]
[Black "Kolev,Al"]
[Result "1-0"]
[WhiteElo "2294"]
[BlackElo "2367"]

1.d4 d5 2.c4 c6 3.e3 Nf6 4.Nc3 e6 5.Nf3 Nbd7 6.Qc2 Bd6 7.Be2 O-O 8.O-O dxc4
9.Bxc4 e5 10.Rd1 Qe7 11.h3 h6 12.Nh4 Nb6 13.Bb3 Re8 14.Nf5 Bxf5 15.Qxf5 exd4
16.Rxd4 Qe5 17.Qxe5 Bxe5 18.Rd1 Rad8 19.Bd2 Nbd5 20.Nxd5 Nxd5 21.Rab1 Nf6
22.Bc2 Rd7 23.Kf1 Red8 24.Ke2 Kf8 25.f4 Bc7 26.Bb4+ Ke8 27.Rxd7 Rxd7 28.Rd1 Nd5
29.Bd2 Bb6 30.Kf3 Nc7 31.Bc3 Re7 32.e4 Ne6 33.h4 Rd7 34.Rxd7 Kxd7 35.Bd1 a5
36.e5 g6 37.g4 Bd8 38.h5 gxh5 39.gxh5 b5 40.b3 Bb6 41.Ke4 Ke7 42.Bg4 b4 43.Bd2 Kf8
44.Bxe6 fxe6 45.f5 Kf7 46.Bxh6 c5 47.fxe6+ Kxe6 48.Be3 Bc7 49.Bxc5 Bxe5 50.Bd4  1-0

[Event "ch-HUN Gp B"]
[Site "Balatonlelle HUN"]
[Date "2002.05.01"]
[Round "1"]
[White "Farago,I"]
[Black "Horvath,Cs"]
[Result "1/2-1/2"]
[WhiteElo "2506"]
[BlackElo "2539"]

1.d4 Nf6 2.c4 e6 3.Nf3 d5 4.Nc3 c6 5.e3 Nbd7 6.Qc2 Bd6 7.Bd3 O-O 8.O-O dxc4
9.Bxc4 a6 10.Rd1 b5 11.Be2 Qc7 12.e4 e5 13.g3 Re8 14.a3 exd4 15.Nxd4 Be5
16.Be3  1/2-1/2

[Event "3rd Open"]
[Site "Backa Palanka YUG"]
[Date "2002.05.02"]
[Round "1"]
[White "Jovic,Ste"]
[Black "Svetushkin,D"]
[Result "0-1"]
[WhiteElo "2195"]
[BlackElo "2484"]

1.d4 d5 2.c4 c6 3.e3 Nf6 4.Nc3 e6 5.Nf3 Nbd7 6.Qc2 Bd6 7.Be2 O-O 8.O-O dxc4
9.e4 e5 10.dxe5 Nxe5 11.Nxe5 Bxe5 12.Bxc4 Re8 13.Bg5 h6 14.Rad1 Qe7 15.Bxf6 Bxf6
16.Rfe1 a5 17.Bf1 Qc5 18.Kh1 Bg4 19.f3 Be6 20.Rd2 Bg5 21.Rde2 a4 22.g3 Qa5
23.f4 Be7 24.e5 a3 25.b3 Bb4 26.Rc1 Bg4 27.Ree1 Rad8 28.Bg2 Bxc3 29.Qxc3 Qxc3
30.Rxc3 Rd2 31.h3 Be6 32.Ra1 Red8 33.Bf3 R8d4 34.Kg1 Kf8 35.Re3 Bxh3 36.Be2 Be6
37.Kf2 Rb2  0-1

[Event "ch-UKR"]
[Site "Alushta UKR"]
[Date "2002.05.04"]
[Round "2"]
[White "Simantsev,M"]
[Black "Kravchenko,L"]
[Result "1-0"]
[WhiteElo "2392"]
[BlackElo "2045"]

1.d4 d5 2.c4 e6 3.Nf3 c6 4.e3 Nf6 5.Nc3 Nbd7 6.Qc2 Bb4 7.Bd2 O-O 8.Bd3 Qe7
9.a3 Bd6 10.O-O dxc4 11.Bxc4 e5 12.h3 h6 13.Nh4 Nb6 14.Ng6 Qc7 15.Ba2 Re8
16.f4 exd4 17.exd4 Be6 18.Bxe6 Rxe6 19.Ne5 Nbd5 20.Na4 Ree8 21.b4 Nh7 22.Rae1 Nf8
23.Nc5 Rad8 24.Qb3 Be7 25.Qg3 f6 26.Nf3 Bd6 27.Rxe8 Rxe8 28.Nh4 b6 29.Nf5 Kh7
30.Ne4 Rxe4 31.Qd3 g6 32.Nxd6 Re6 33.Nc4 f5 34.Ne5 Nd7 35.g4 Rf6 36.Rf2 Nf8
37.h4 fxg4 38.f5 Kg7 39.Nxg4 Rxf5 40.Bxh6+ Kg8 41.Rxf5 gxf5 42.Ne5 Qe7 43.Qg3+  1-0

[Event "FSGM May"]
[Site "Budapest HUN"]
[Date "2002.05.04"]
[Round "1"]
[White "Seres,L"]
[Black "Gonda,L"]
[Result "1/2-1/2"]
[WhiteElo "2483"]
[BlackElo "2359"]

1.d4 d5 2.c4 c6 3.Nc3 Nf6 4.e3 e6 5.Nf3 Nbd7 6.Bd3 dxc4 7.Bxc4 b5 8.Bd3 Bb7
9.e4 b4 10.Na4 c5 11.e5 Nd5 12.Nxc5 Nxc5 13.dxc5 Bxc5 14.O-O h6 15.Nd2 Qb6
16.Ne4 Be7 17.Qg4 Kf8 18.Qg3 Rd8 19.Rd1 a5 20.b3 Nc3 21.Nxc3 bxc3 22.Be3 Qc6
23.Bc2 Rxd1+ 24.Rxd1 g6 25.Rd4 Kg7 26.Rc4 Qd5 27.Rc7 Rd8 28.f3 Rd7 29.Rxc3 Ba6
30.Qf4 Bg5 31.Qe4 Qxe4 32.Bxe4 Bxe3+ 33.Rxe3 Rd1+ 34.Kf2 Rd2+ 35.Kg3 Bf1
36.f4 Rxa2 37.Rc3 Ba6 38.Rc5 Ra3 39.Kf2 Kf8  1/2-1/2

[Event "4NCL"]
[Site "Birmingham ENG"]
[Date "2002.05.05"]
[Round "10"]
[White "Kelly,B"]
[Black "Kirsanov,O"]
[Result "1-0"]
[WhiteElo "2445"]
[BlackElo "2353"]

1.d4 d5 2.c4 c6 3.Nc3 Nf6 4.e3 e6 5.Nf3 Nbd7 6.Qc2 Bd6 7.Be2 O-O 8.O-O a6
9.e4 dxe4 10.Nxe4 Nxe4 11.Qxe4 Nf6 12.Qh4 Be7 13.Bd3 g6 14.Bg5 Re8 15.Rfe1 Nh5
16.Bxe7 Qxe7 17.Qe4 c5 18.dxc5 Qxc5 19.Ne5 Rb8 20.Be2 f5 21.Nd3 Qc7 22.Qh4 Ng7
23.Bf3 Qd8 24.Qg3 Bd7 25.Ne5 Qc8 26.Rad1 Bc6 27.Bxc6 bxc6 28.Nd7 Rxb2 29.Nf6+ Kf7
30.Rd7+ Re7 31.Rxe7+ Kxe7 32.Qa3+ Kxf6 33.Qxb2+ Kf7 34.Rb1 Ne8 35.Qb7+ Qxb7
36.Rxb7+ Kf6 37.Ra7 Ke5 38.Rxa6 Kd6 39.Ra7 Kc5 40.Rxh7 Kxc4 41.Re7 Nd6 42.Rxe6 Kd5
43.Rxg6  1-0

[Event "ch-PHI"]
[Site "Makati PHI"]
[Date "2002.05.05"]
[Round "14"]
[White "Villamayor,B"]
[Black "Sanchez,Joseph"]
[Result "1/2-1/2"]
[WhiteElo "2514"]
[BlackElo "2287"]

1.Nf3 d5 2.d4 c6 3.c4 Nf6 4.Nc3 e6 5.e3 Nbd7 6.Qc2 Bd6 7.Bd3 O-O 8.O-O Qe7
9.c5 Bc7 10.e4 dxe4 11.Nxe4 h6 12.Re1 Nxe4 13.Bxe4 Nf6 14.Bd3 Rd8 15.Be2 Bd7
16.b4 Be8 17.a4 a6 18.Bc4 Nd5 19.Qe4 Qf6 20.Ra3 Bf4 21.Bxf4 Nxf4 22.g3 Nd5
23.Rb3 b5 24.axb5 axb5 25.Bxd5 Rxd5 26.Qe3 Ra4 27.Qc3 Qe7 28.Ra3 Rxa3 29.Qxa3 f6
30.Qe3 Bd7 31.Ra1  1/2-1/2